000 00225nam a22000857a 4500
008 160705b xxu||||| |||| 00| 0 eng d
100 _92240
_a Saxena, S
245 _aMs - Word 2000 in a Nutshell
260 _aNew Delhi
_b Vikas
_c2000
999 _c1929
_d1929